| 000 | 00364nam a22001457a 4500 | ||
|---|---|---|---|
| 003 | MACL | ||
| 005 | 20190125154422.0 | ||
| 008 | 190125b xxu||||| |||| 00| 0 eng d | ||
| 040 | _c MACL | ||
| 100 |
_aAhluwalia V K _973705 |
||
| 245 | _aEnvironmental Pollution and Health | ||
| 260 |
_aDelhi _bTeri _c2015 |
||
| 650 |
_aEnvironment _973706 |
||
| 942 |
_2ddc _cBK |
||
| 999 |
_c58928 _d58928 |
||